000 00653nam a22002057a 4500
003 DO-SdBNP
005 20211122130826.0
008 211122b2002 ||||| |||| 00| 0 eng d
020 _a189107900X
040 _aDO-SdBNP
_bspa
_cBNPHU
082 _axxx
_bB877t
100 _aBrwne, Robert T.
_980702
245 _aThe mystery of space :
_ba study of the hyperspace movement in the light of the evolution of new psychic faculties and...
250 _a2. ed.
260 _aSanto Domingo :
_bThe Hermetic Society For World Service,
_c2002
300 _a340 p. :
_bil. ;
_c23 cm
590 _aInventariado, 2021 / DG
910 _aD/G
942 _2ddc
_cLBS1
999 _c51016
_d51016